Foods Made of Beef - Statistics

General Stats
  • This quiz has been taken 18 times
  • The average score is 10 of 13
Answer Stats
Picture Answer % Correct
Beef Ribs
100%
Hotdog
100%
Chili
89%
Corn Dog
89%
Hamburger
89%
Meatballs
83%
Pepperoni
83%
Meatloaf
72%
Beef Jerky
67%
Bologna
61%
Gyro
56%
Beef Stick
39%
Burnt Ends
22%
No matching quizzes found
Score Distribution
Percent of People with Each Score
Percentile by Number Answered
Your Score History
You have not taken this quiz